000 00449nam a2200181Ia 4500
008 240925s9999 xx 000 0 und d
020 _a8123900706
082 _a530 TIP
100 _aTipler ,Paul A.
245 0 _aPhysics
250 _a2nd
260 _aNew Delhi:
_bCBS Publication
_c,2003.
300 _axxi,974p.
_bVol.2
_fPirated
500 _aIncludes Index
600 _aHumanities & Natural Science
650 _aPhysics
942 _cBK
999 _c8366
_d8366